Mathématiques en chaîne #1 - Mort subite - Statistiques

Statistiques générales
  • Ce quiz a été pris 13 203 fois
  • Le résultat moyen est 8 sur 16
Answers on the Grid
Answers color-coded by a green-red scale on the quiz's grid according to % correct below.
Départ
1+7
0
0+2x2x8
1
Gagné !
2
3
3x4+3
4
4x3
5
6
6-5
7
7-17+13
8
8-4
9
10
10x2+1÷1
11
12
12+16
13
14
15
15+36÷4
16
17
18
19
20
21
21-3x(4+3)
22
23
24
24÷2+3x6
25
26
27
28
28÷4
29
30
30-4x4-4
31
32
32÷(1+1)-10
33
34
 
Statistiques - réponses
Réponse % Correct
Départ
1+7
86%
8
8-4
80%
4
4x3
78%
12
12+16
77%
28
28÷4
73%
7
7-17+13
67%
3
3x4+3
45%
0
0+2x2x8
43%
15
15+36÷4
42%
1
Gagné !
41%
24
24÷2+3x6
31%
30
30-4x4-4
30%
32
32÷(1+1)-10
30%
6
6-5
29%
10
10x2+1÷1
24%
21
21-3x(4+3)
24%
Aucun quiz correspondant
Distribution des résultats
% des personnes avec chaque résultat
Percentile par nombre de réponses
Votre historique - résultats
Vous n’avez pas pris ce quiz